Normal view MARC view

Entry Nombre personal

Number of records used in: 1

001 - NÚMERO DE CONTROL

  • campo de control: 1041

003 - IDENTIFICADOR DE NÚMERO DE CONTROL

  • campo de control: DLC

005 - FECHA Y HORA DE LA ÚLTIMA TRANSACCIÓN

  • campo de control: 20260410113212.0

008 - ELEMENTOS DE DATO DE LONGITUD-FIJA

  • campo de control de longitud fija: 790731n| azannaabn |a aaa

010 ## - NÚMERO DE CONTROL DE LA BIBLIOTECA DEL CONGRESO

  • Número de control de LC: n 79060552

035 ## - NÚMERO DE CONTROL DEL SISTEMA

  • Número de control de sistema: (OCoLC)oca00293580

035 ## - NÚMERO DE CONTROL DEL SISTEMA

  • Número de control de sistema: (Uk)000373903

040 ## - FUENTE DE CATALOGACIÓN

  • Centro catalogador/agencia de origen: DLC
  • Lengua de catalogación: eng
  • Normas de descripción: rda
  • Centro/agencia transcriptor: DLC
  • Centro/agencia modificador: DLC
  • Centro/agencia modificador: GU
  • Centro/agencia modificador: OCl
  • Centro/agencia modificador: OCoLC
  • Centro/agencia modificador: DLC
  • Centro/agencia modificador: WaU
  • Centro/agencia modificador: Uk
  • Centro/agencia modificador: DLC
  • Centro/agencia modificador: Uk
  • Centro/agencia modificador: DLC

046 ## - FECHAS CON CODIFICACIÓN ESPECIAL

  • Fecha de nacimiento: 1906
  • Fecha de la muerte: 1993

053 #0 - NÚMERO DE CLASIFICACIÓN LC

  • Número de clasificación–único número o número inicial del rango: PR6015.I3

100 1# - ENCABEZAMIENTO-NOMBRE DE PERSONA

  • Nombre de persona: Plaidy, Jean,
  • Fechas asociadas al nombre: 1906-1993

368 ## - OTROS ATRIBUTOS DE PERSONA O ENTIDAD CORPORATIVA

  • Otra designación: Pseudonym

400 1# - TRAZADO DE VÉASE--NOMBRE DE PERSONA

  • Nombre de persona: Pleĭdi, Dzhin,
  • Fechas asociadas al nombre: 1906-1993

500 1# - TRAZADO DE VÉASE ADEMÁS--NOMBRE DE PERSONA

  • Subcampo de control: nnnc
  • Nombre de persona: Hibbert, Eleanor,
  • Fechas asociadas al nombre: 1906-1993

500 1# - TRAZADO DE VÉASE ADEMÁS--NOMBRE DE PERSONA

  • Subcampo de control: nnnc
  • Nombre de persona: Ford, Elbur,
  • Fechas asociadas al nombre: 1906-1993

500 1# - TRAZADO DE VÉASE ADEMÁS--NOMBRE DE PERSONA

  • Subcampo de control: nnnc
  • Nombre de persona: Kellow, Kathleen,
  • Fechas asociadas al nombre: 1906-1993

500 1# - TRAZADO DE VÉASE ADEMÁS--NOMBRE DE PERSONA

  • Subcampo de control: nnnc
  • Nombre de persona: Tate, Ellalice,
  • Fechas asociadas al nombre: 1906-1993

500 1# - TRAZADO DE VÉASE ADEMÁS--NOMBRE DE PERSONA

  • Subcampo de control: nnnc
  • Nombre de persona: Holt, Victoria,
  • Fechas asociadas al nombre: 1906-1993

500 1# - TRAZADO DE VÉASE ADEMÁS--NOMBRE DE PERSONA

  • Subcampo de control: nnnc
  • Nombre de persona: Carr, Philippa,
  • Fechas asociadas al nombre: 1906-1993

663 ## - REFERENCIA COMPLEJA DE VÉASE ADEMÁS--NOMBRE

  • Texto explicativo: For works of this author entered under other names, search also under
  • Encabezamiento referido a: Carr, Philippa, 1906-1993;
  • Encabezamiento referido a: Ford, Elbur, 1906-1993;
  • Encabezamiento referido a: Holt, Victoria, 1906-1993;
  • Encabezamiento referido a: Kellow, Kathleen, 1906-1993;
  • Encabezamiento referido a: Tate, Ellalice, 1906-1993;
  • Encabezamiento referido a: Hibbert, Eleanor, 1906-1993

670 ## - FUENTE DE DATOS ENCONTRADOS

  • Cita de la fuente: Beyond the Blue Mountains, 1947.

670 ## - FUENTE DE DATOS ENCONTRADOS

  • Cita de la fuente: The silk vendetta, 1988, c1987:
  • Información encontrada: CIP t.p. (Victoria Holt)

670 ## - FUENTE DE DATOS ENCONTRADOS

  • Cita de la fuente: Contemp. auth., c1976,
  • Información encontrada: v. 17-20 (Hibbert, Eleanor Burford, 1906- ; Eleanor Burford; pseuds.: Philippa Carr, Elbur Ford, Victoria Holt, Kathleen Kellow, Jean Plaidy, Ellalice Tate)

670 ## - FUENTE DE DATOS ENCONTRADOS

  • Cita de la fuente: New York times, Jan. 21, 1993:
  • Información encontrada: p. C21 (Eleanor Hibbert d. Jan. 18, 1993)

670 ## - FUENTE DE DATOS ENCONTRADOS

  • Cita de la fuente: Li︠u︡bimit︠s︡y korolevy, 1997:
  • Información encontrada: t.p. (Dzhin Pleĭdi)

670 ## - FUENTE DE DATOS ENCONTRADOS

  • Cita de la fuente: Wikipedia, Sept. 28, 2007
  • Información encontrada: (Eleanor Hibbert; Eleanor Alice Burford (b. Sept. 1, 1906, London, England; d. Jan. 18, 1993); Mrs. George Percival Hibbert was a British author of about 200 historical novels, most of them under the pen name Jean Plaidy; other pseuds.: Philippa Carr, Victoria Holt, Elbur Ford, Kathleen Kellow, Ellalice Tate; she had also pub. novels under her maiden name Eleanor Burford before assuming her husband's surname)